| 000 | 00385cam a2200157ua 4500 | ||
|---|---|---|---|
| 003 | OSt | ||
| 008 | 241231b |||||||| |||| 00| 0 eng d | ||
| 041 | _aeng | ||
| 082 |
_a621.3 _bSMI/PR |
||
| 100 |
_aSmith, Parker _97236 |
||
| 245 | _aProblems in electrical engineering / | ||
| 250 | _a7th | ||
| 260 |
_aMumbai : _bAsia Publishing House , _c1968. |
||
| 300 | _a370 ; . | ||
| 942 | _cBK | ||
| 999 |
_c1468 _d1468 |
||